[Event "Yakutsk Sakha Cup"]
[Site "Yakutsk"]
[Date "2023.01.30"]
[Round "7"]
[White "Kobalia, Mihail"]
[Black "Egorov, Daniil"]
[Result "1-0"]
[WhiteElo "2577"]
[BlackElo "2116"]
[PlyCount "41"]
[EventDate "2023.01.24"]
[EventType "swiss"]
[EventRounds "9"]
[EventCountry "RUS"]
[SourceTitle "CBM 212 Extra"]
[Source "ChessBase"]
[SourceDate "2023.03.31"]
[SourceVersion "1"]
[SourceVersionDate "2023.03.31"]
[SourceQuality "1"]

1. e4 c6 2. d4 d5 3. exd5 cxd5 4. Bd3 Nc6 5. c3 Nf6 6. Bf4 Bg4 7. Qb3 Qc8 8. Nd2 e6 9. Ngf3 Be7 10. 0-0 0-0 11. Qc2 Bh5 12. Ne5 Bg6 13. Nxg6 hxg6 14. Nf3 a6 15. a4 Qd7 16. Ne5 Qd8 17. Qe2 Rc8 18. Nxg6 Re8 19. Rfe1 Bd6 20. Ne5 Qc7 21. Qf3 1-0

[Event "St Petersburg Summer op"]
[Site "St Petersburg"]
[Date "2017.08.19"]
[Round "4"]
[White "Egorov, Daniil"]
[Black "Gurvich, Vitaly"]
[Result "1-0"]
[WhiteElo "2112"]
[BlackElo "2310"]
[PlyCount "87"]
[EventDate "2017.08.16"]
[EventType "swiss"]
[EventRounds "9"]
[EventCountry "RUS"]
[SourceTitle "CBM 180 Extra"]
[Source "ChessBase"]
[SourceDate "2017.10.06"]
[SourceVersion "1"]
[SourceVersionDate "2017.10.06"]
[SourceQuality "1"]

1. e4 c5 2. Nf3 d6 3. d4 cxd4 4. Nxd4 Nf6 5. Nc3 a6 6. Bg5 e6 7. f4 h6 8. Bh4 Qb6 9. Qd2 Qxb2 10. Rb1 Qa3 11. e5 dxe5 12. fxe5 Nfd7 13. Ne4 Qxa2 14. Rd1 Qd5 15. Qe3 Qxe5 16. Be2 Bc5 17. Bg3 Bxd4 18. Rxd4 Qa5+ 19. Rd2 0-0 20. Bd6 Re8 21. g4 Nc6 22. Rg1 Ne7 23. Qh3 Ng6 24. g5 Qf5 25. Qe3 h5 26. Bc7 Re7 27. Rf1 Nh4 28. Bd3 Qg4 29. h3 Nf5 30. Rxf5 Qxf5 31. Nf6+ Nxf6 32. Bxf5 Nd5 33. Rxd5 exd5 34. Qxe7 Bxf5 35. Kd2 Rc8 36. c3 b5 37. Qe5 Be4 38. Bb6 Kh7 39. Bd4 Rg8 40. Qc7 Kg6 41. Qd6+ Kxg5 42. h4+ Kxh4 43. Qf4+ Kh3 44. Bf2 1-0

[Event "St Petersburg Summer op"]
[Site "St Petersburg"]
[Date "2016.08.19"]
[Round "3"]
[White "Egorov, Daniil"]
[Black "Yun, Vyacheslav"]
[Result "1-0"]
[WhiteElo "2030"]
[BlackElo "1750"]
[PlyCount "53"]
[EventDate "2016.08.17"]
[EventType "swiss"]
[EventRounds "9"]
[EventCountry "RUS"]
[SourceTitle "CBM 174 Extra"]
[Source "ChessBase"]
[SourceDate "2016.10.10"]
[SourceVersion "1"]
[SourceVersionDate "2016.10.10"]
[SourceQuality "1"]

1. Nf3 d5 2. e3 Nf6 3. c4 e6 4. b3 c5 5. Bb2 Nc6 6. cxd5 exd5 7. Bb5 Bd6 8. 0-0 0-0 9. d4 Bg4 10. dxc5 Bxc5 11. Nc3 a6 12. Be2 Rc8 13. h3 Be6 14. Rc1 Ba7 15. Na4 Ne4 16. Ba3 Re8 17. Bd3 Bf5 18. Bb2 Nb4 19. Rxc8 Qxc8 20. Nh4 Bd7 21. Bb1 Bb5 22. Re1 Qd8 23. Qg4 f6 24. Nf5 Qd7 25. a3 Nd3 26. Bxd3 Bxd3 27. Nh6+ 1-0

[Event "Chigorin Memorial 23rd"]
[Site "St Petersburg"]
[Date "2015.10.10"]
[Round "8"]
[White "Kenneskog, Theodor"]
[Black "Egorov, Daniil"]
[Result "0-1"]
[WhiteElo "2334"]
[BlackElo "2064"]
[PlyCount "134"]
[EventDate "2015.10.03"]
[EventType "swiss"]
[EventRounds "9"]
[EventCountry "RUS"]
[SourceTitle "CBM 168 Extra"]
[Source "ChessBase"]
[SourceDate "2015.10.29"]
[SourceVersion "1"]
[SourceVersionDate "2015.10.29"]
[SourceQuality "1"]

1. d4 Nf6 2. c4 g6 3. Nc3 Bg7 4. e4 d6 5. f3 0-0 6. Be3 a6 7. Qd2 Nc6 8. Nge2 Na5 9. Nc1 Nd7 10. Be2 c5 11. dxc5 Ne5 12. b3 dxc5 13. Rb1 Nac6 14. Na4 Qxd2+ 15. Bxd2 Nd7 16. Nd3 Bd4 17. b4 cxb4 18. Nxb4 Nxb4 19. Bxb4 Re8 20. Kd2 Rb8 21. Rhd1 Ne5 22. Ke1 Nc6 23. Bc5 Bxc5 24. Nxc5 Kf8 25. Rb6 Rd8 26. Rdb1 Ne5 27. Nxb7 Bxb7 28. Rxb7 Rxb7 29. Rxb7 Rc8 30. Rb4 a5 31. Ra4 Nc6 32. Ra3 e5 33. c5 Rb8 34. Rb3 Rxb3 35. axb3 Nd4 36. Bc4 Ke7 37. Kd2 Kd7 38. Bd5 f6 39. Kd3 Nb5 40. h4 h6 41. g3 g5 42. Ke3 Nc7 43. Kd3 Nb5 44. Kc4 Na3+ 45. Kc3 Nb5+ 46. Kd3 Na3 47. Ke3 Nb5 48. h5 Nd4 49. Kf2 Nb5 50. Kg2 Nd4 51. Kf2 Kc7 52. Ke3 Kd7 53. f4 gxf4+ 54. gxf4 Nb5 55. Kf3 Nd4+ 56. Ke3 Nb5 57. f5 Kc7 58. Kd3 Na3 59. Kc3 Nb5+ 60. Kb2 Kd7 61. Bb7 Kc7 62. Ba6 Kc6 63. Bxb5+ Kxb5 64. Ka3 Kxc5 65. Ka4 Kd4 66. Kxa5 Kxe4 67. b4 Kf3 0-1

[Event "Chigorin Memorial 23rd"]
[Site "St Petersburg"]
[Date "2015.10.09"]
[Round "7"]
[White "Egorov, Daniil"]
[Black "Derakhshani, Dorsa"]
[Result "0-1"]
[WhiteElo "2064"]
[BlackElo "2356"]
[PlyCount "50"]
[EventDate "2015.10.03"]
[EventType "swiss"]
[EventRounds "9"]
[EventCountry "RUS"]
[SourceTitle "CBM 168 Extra"]
[Source "ChessBase"]
[SourceDate "2015.10.29"]
[SourceVersion "1"]
[SourceVersionDate "2015.10.29"]
[SourceQuality "1"]

1. e4 e5 2. Nf3 Nc6 3. Bb5 g6 4. d4 exd4 5. c3 dxc3 6. Nxc3 h6 7. Bf4 Bg7 8. Qd2 Nge7 9. 0-0-0 a6 10. Ba4 b5 11. Bb3 Na5 12. Nd5 Nxb3+ 13. axb3 d6 14. Nxe7 Qxe7 15. Qd5 Ra7 16. e5 0-0 17. Qd4 Rb7 18. exd6 cxd6 19. Qxd6 Bf5 20. Qxe7 Rxe7 21. Rd2 Rc8+ 22. Kd1 Be6 23. Rd3 Bxb2 24. Re1 Bc3 25. Nd2 Bxb3+ 0-1

[Event "Chigorin Memorial 22nd"]
[Site "St Petersburg"]
[Date "2014.10.23"]
[Round "6"]
[White "Miroshnichenko, Pavel"]
[Black "Egorov, Daniil"]
[Result "1-0"]
[WhiteElo "2270"]
[BlackElo "1974"]
[PlyCount "41"]
[EventDate "2014.10.18"]
[EventType "swiss"]
[EventRounds "9"]
[EventCountry "RUS"]
[SourceTitle "EXT 2015"]
[Source "ChessBase"]
[SourceDate "2014.11.20"]
[SourceVersion "1"]
[SourceVersionDate "2014.11.20"]
[SourceQuality "1"]

1. e4 c5 2. Nc3 Nc6 3. f4 g6 4. Nf3 Bg7 5. Bb5 Nd4 6. Bc4 e6 7. d3 Ne7 8. Nxd4 cxd4 9. Ne2 0-0 10. 0-0 d5 11. Bb3 a5 12. a4 dxe4 13. dxe4 Qb6 14. Kh1 Bd7 15. Ng3 Rfd8 16. f5 exf5 17. Bg5 Bf6 18. Qd2 Kg7 19. Rae1 Bxg5 20. Qxg5 Qf6 21. Nh5+ 1-0

[Event "Chigorin Memorial 22nd"]
[Site "St Petersburg"]
[Date "2014.10.21"]
[Round "4"]
[White "Timofeev, Artyom"]
[Black "Egorov, Daniil"]
[Result "1-0"]
[WhiteElo "2598"]
[BlackElo "1974"]
[PlyCount "61"]
[EventDate "2014.10.18"]
[EventType "swiss"]
[EventRounds "9"]
[EventCountry "RUS"]
[SourceTitle "EXT 2015"]
[Source "ChessBase"]
[SourceDate "2014.11.20"]
[SourceVersion "1"]
[SourceVersionDate "2014.11.20"]
[SourceQuality "1"]

1. e4 c5 2. Nf3 d6 3. d4 cxd4 4. Nxd4 Nf6 5. Nc3 Nc6 6. Be2 e5 7. Nf3 h6 8. 0-0 Be7 9. b3 0-0 10. Bb2 Be6 11. Re1 Rc8 12. Bf1 Qd7 13. h3 Ne8 14. Nd5 Bd8 15. c4 f5 16. exf5 Bxf5 17. Bd3 Be6 18. Be4 Nf6 19. Nxf6+ gxf6 20. Qd2 f5 21. Bxc6 bxc6 22. Qxh6 Rf7 23. Nxe5 dxe5 24. Bxe5 Rh7 25. Qg6+ Kf8 26. Rad1 Qf7 27. Bd6+ Be7 28. Bxe7+ Kxe7 29. Rxe6+ Qxe6 30. Qxh7+ Kf6 31. c5 1-0

[Event "Heart of Finland op 24th"]
[Site "Jyvaskyla"]
[Date "2014.07.12"]
[Round "8"]
[White "Karvinen, Kimmo"]
[Black "Egorov, Daniil"]
[Result "1-0"]
[WhiteElo "2092"]
[BlackElo "1962"]
[PlyCount "55"]
[EventDate "2014.07.07"]
[EventType "swiss"]
[EventRounds "9"]
[EventCountry "FIN"]
[SourceTitle "EXT 2019"]
[Source "ChessBase"]
[SourceDate "2018.10.10"]
[SourceVersion "1"]
[SourceVersionDate "2018.10.10"]
[SourceQuality "1"]

1. e4 c5 2. Nf3 d6 3. Bb5+ Bd7 4. Bxd7+ Qxd7 5. 0-0 Nf6 6. e5 dxe5 7. Nxe5 Qc7 8. Re1 e6 9. Nc3 Be7 10. d3 0-0 11. Bf4 Qb6 12. b3 Nc6 13. Nxc6 Qxc6 14. Re3 Kh8 15. Rh3 b5 16. Qe2 b4 17. Na4 Qd5 18. Be5 Ng4 19. Bxg7+ Kxg7 20. Qxg4+ Kh8 21. Qh5 Qxh5 22. Rxh5 Rac8 23. Re1 Bf6 24. Re4 Bd4 25. Reh4 Kg7 26. Rxh7+ Kf6 27. g3 Rg8 28. Rf4+ 1-0

[Event "Heart of Finland op 24th"]
[Site "Jyvaskyla"]
[Date "2014.07.07"]
[Round "1"]
[White "Egorov, Daniil"]
[Black "Lonnqvist, Henrik"]
[Result "0-1"]
[WhiteElo "1962"]
[BlackElo "2059"]
[PlyCount "52"]
[EventDate "2014.07.07"]
[EventType "swiss"]
[EventRounds "9"]
[EventCountry "FIN"]
[SourceTitle "EXT 2019"]
[Source "ChessBase"]
[SourceDate "2018.10.10"]
[SourceVersion "1"]
[SourceVersionDate "2018.10.10"]
[SourceQuality "1"]

1. e4 c5 2. Nf3 d6 3. d4 cxd4 4. Nxd4 Nf6 5. Nc3 g6 6. Be3 Bg7 7. f3 0-0 8. Qd2 Nc6 9. 0-0-0 d5 10. Kb1 Nxd4 11. e5 Nd7 12. Bxd4 Nxe5 13. Qe1 Qd6 14. Nb5 Qb8 15. Qc3 Bf5 16. Re1 Rc8 17. Bxe5 Rxc3 18. Bxc3 Bxc3 19. Nxc3 Qc7 20. g4 Bxc2+ 21. Kxc2 d4 22. Re4 dxc3 23. bxc3 Qa5 24. Kb3 Rc8 25. Rc4 Qd5 26. a4 Qd1+ 0-1

[Event "Chigorin Memorial 21st"]
[Site "St Petersburg"]
[Date "2013.10.11"]
[Round "7"]
[White "Kartsev, Evgeni"]
[Black "Egorov, Daniil"]
[Result "0-1"]
[WhiteElo "2067"]
[BlackElo "1929"]
[PlyCount "112"]
[EventDate "2013.10.05"]
[EventType "swiss"]
[EventRounds "9"]
[EventCountry "RUS"]
[SourceTitle "CBM 156 Extra"]
[Source "ChessBase"]
[SourceDate "2013.10.22"]
[SourceVersion "1"]
[SourceVersionDate "2013.10.22"]
[SourceQuality "1"]

1. e4 c5 2. Nf3 d6 3. Bb5+ Bd7 4. a4 e6 5. 0-0 Nf6 6. Re1 Be7 7. e5 dxe5 8. Nxe5 0-0 9. Nxd7 Nbxd7 10. Qf3 a6 11. Bf1 Qc7 12. d3 Nd5 13. c3 Rfd8 14. Na3 Ne5 15. Qh3 Ng6 16. Bd2 Qc6 17. Nc4 Ndf4 18. Qg3 Bh4 19. Qe3 Bf6 20. a5 Rab8 21. Rad1 Rd7 22. g3 Nd5 23. Qe2 Qc7 24. Bc1 Rbd8 25. Qc2 Ne5 26. Bg2 Nxc4 27. dxc4 Ne7 28. Rxd7 Qxd7 29. Qb3 Nc6 30. Qb6 Be7 31. Bf4 Rc8 32. Bf3 Bd8 33. Qxc5 Nxa5 34. Qh5 Nxc4 35. Rd1 Qe7 36. b3 Na5 37. Bd6 Qf6 38. Be5 Qg6 39. Qxg6 hxg6 40. b4 Nc6 41. Bf4 Bf6 42. Rd3 g5 43. Bxc6 Rxc6 44. Bd2 b6 45. Kf1 Kf8 46. Ke2 Ke7 47. Kd1 Rd6 48. Kc2 Rxd3 49. Kxd3 Kd6 50. h3 Kc6 51. c4 Bd8 52. g4 a5 53. Kc3 Be7 54. b5+ Kc7 55. Be3 f6 56. Kb3 Bc5 0-1

[Event "Chigorin Memorial 21st"]
[Site "St Petersburg"]
[Date "2013.10.05"]
[Round "1"]
[White "Nezad, Husein Aziz"]
[Black "Egorov, Daniil"]
[Result "1-0"]
[WhiteElo "2388"]
[BlackElo "1929"]
[PlyCount "81"]
[EventDate "2013.10.05"]
[EventType "swiss"]
[EventRounds "9"]
[EventCountry "RUS"]
[SourceTitle "CBM 156 Extra"]
[Source "ChessBase"]
[SourceDate "2013.10.22"]
[SourceVersion "1"]
[SourceVersionDate "2013.10.22"]
[SourceQuality "1"]

1. d4 Nf6 2. c4 g6 3. Nc3 Bg7 4. e4 d6 5. Nf3 0-0 6. Be2 e5 7. 0-0 Nc6 8. d5 Ne7 9. b4 a5 10. Ba3 Nd7 11. bxa5 Rxa5 12. Bb4 Ra8 13. a4 Bh6 14. Re1 f5 15. Bd3 Nf6 16. c5 fxe4 17. Nxe4 Nxe4 18. Bxe4 Bf5 19. Qd3 Bxe4 20. Rxe4 Nf5 21. a5 Qf6 22. Bc3 Bg7 23. Rb1 Rab8 24. cxd6 cxd6 25. Rb6 Qe7 26. Bb4 Rbd8 27. Re2 Rd7 28. g3 Qf6 29. Nxe5 Re7 30. Bc3 Qg5 31. Bd2 Qh5 32. Nf3 Rxe2 33. Qxe2 Nxg3 34. hxg3 Rxf3 35. Qe6+ Kh8 36. Rxb7 Rf8 37. Qe7 Qe5 38. Qxe5 Bxe5 39. a6 Ra8 40. a7 Bd4 41. Rb8+ 1-0

[Event "Chigorin Memorial 20th"]
[Site "St Petersburg"]
[Date "2012.11.01"]
[Round "6"]
[White "Ayvazyan, Nikita"]
[Black "Egorov, Daniil"]
[Result "0-1"]
[WhiteElo "1973"]
[BlackElo "1819"]
[PlyCount "102"]
[EventDate "2012.10.27"]
[EventType "swiss"]
[EventRounds "9"]
[EventCountry "RUS"]
[SourceTitle "EXT 2013"]
[Source "ChessBase"]
[SourceDate "2012.11.22"]
[SourceVersion "1"]
[SourceVersionDate "2012.11.22"]
[SourceQuality "1"]

1. e4 c5 2. Nc3 d6 3. d4 cxd4 4. Qxd4 Nc6 5. Bb5 Bd7 6. Bxc6 Bxc6 7. Nf3 Nf6 8. Bg5 e6 9. 0-0-0 Be7 10. Qd3 Qa5 11. h4 0-0 12. Nd4 Rac8 13. f4 Rfd8 14. f5 Bd7 15. Nb3 Qb4 16. Rhe1 h6 17. Bxf6 Bxf6 18. a3 Qb6 19. Qxd6 Qf2 20. Re2 Qxh4 21. Qb4 b6 22. Kb1 Be7 23. Qd4 Bb5 24. Nxb5 Rxd4 25. N5xd4 e5 26. Nf3 Qf4 27. Rd7 Bf6 28. Nc1 Re8 29. Nd3 Qg3 30. Rxa7 h5 31. Rb7 h4 32. Ng1 Qg4 33. Re1 Bd8 34. Nf2 Qxg2 35. Ngh3 Re7 36. Rb8 Rd7 37. a4 Kf8 38. Kc1 Qf3 39. Rc8 Ke7 40. Rc3 Qh5 41. Rg1 Rc7 42. Re3 Qh6 43. Ng4 Qc6 44. c3 f6 45. Rd1 Rd7 46. Rxd7+ Qxd7 47. b3 b5 48. axb5 Qxb5 49. Kc2 Qf1 50. Nhf2 Bb6 51. Rf3 Qe2+ 0-1

[Event "St Petersburg Botvinnik Memorial op"]
[Site "St Petersburg"]
[Date "2012.09.02"]
[Round "9"]
[White "Egorov, Daniil"]
[Black "Bezobrazov, Lev"]
[Result "1-0"]
[WhiteElo "1824"]
[BlackElo "1675"]
[PlyCount "59"]
[EventDate "2012.08.25"]
[EventType "swiss"]
[EventRounds "9"]
[EventCountry "RUS"]
[SourceTitle "CBM 150 Extra"]
[Source "ChessBase"]
[SourceDate "2012.10.19"]
[SourceVersion "1"]
[SourceVersionDate "2012.10.19"]
[SourceQuality "1"]

1. e4 e5 2. Nf3 Nc6 3. Bb5 a6 4. Ba4 d6 5. 0-0 Nf6 6. Re1 Be7 7. c3 0-0 8. d3 Nd7 9. d4 exd4 10. cxd4 Bf6 11. Nc3 b5 12. Bc2 g6 13. Bh6 Re8 14. Rc1 Bb7 15. a4 b4 16. Nd5 Bg7 17. Qd2 a5 18. Bb3 Bxh6 19. Qxh6 Rc8 20. Ng5 Nf8 21. Nxf7 Kxf7 22. Nxc7+ Kf6 23. Nd5+ Ke6 24. Nb6+ Kf6 25. Nxc8 Nxd4 26. Qf4+ Kg7 27. Nxd6 Re7 28. Nxb7 Rxb7 29. Qe5+ Kh6 30. Bd5 1-0

[Event "St Petersburg Botvinnik Memorial op"]
[Site "St Petersburg"]
[Date "2012.08.29"]
[Round "5"]
[White "Ljubarov, Mark"]
[Black "Egorov, Daniil"]
[Result "1/2-1/2"]
[WhiteElo "2158"]
[BlackElo "1824"]
[PlyCount "84"]
[EventDate "2012.08.25"]
[EventType "swiss"]
[EventRounds "9"]
[EventCountry "RUS"]
[SourceTitle "CBM 150 Extra"]
[Source "ChessBase"]
[SourceDate "2012.10.19"]
[SourceVersion "1"]
[SourceVersionDate "2012.10.19"]
[SourceQuality "1"]

1. e4 c5 2. Nf3 d6 3. c3 Nf6 4. Be2 g6 5. 0-0 Bg7 6. Re1 0-0 7. Bf1 Nc6 8. h3 e5 9. d4 cxd4 10. cxd4 exd4 11. Nxd4 Nxd4 12. Qxd4 Re8 13. Bg5 h6 14. Bxf6 Qxf6 15. Qxf6 Bxf6 16. Nc3 Bxc3 17. bxc3 Be6 18. a4 Rac8 19. Re3 Bc4 20. Rb1 Bxf1 21. Kxf1 Rc7 22. Ke2 b6 23. Rb4 Rec8 24. Kd2 Kf8 25. Rd3 Ke7 26. Rbd4 Rd8 27. f4 h5 28. g4 hxg4 29. hxg4 Rh8 30. Rxd6 Rh2+ 31. Kd1 Rxc3 32. Rd7+ Ke8 33. Rd8+ Ke7 34. R3d7+ Ke6 35. Rd6+ Ke7 36. R6d7+ Ke6 37. Rd6+ Ke7 38. R8d7+ Ke8 39. g5 Rg3 40. Rd8+ Ke7 41. R6d7+ Ke6 42. Rd6+ Ke7 1/2-1/2

[Event "St Petersburg Botvinnik Memorial op"]
[Site "St Petersburg"]
[Date "2012.08.28"]
[Round "4"]
[White "Egorov, Daniil"]
[Black "Trapeznikova, Darya"]
[Result "0-1"]
[WhiteElo "1824"]
[BlackElo "2050"]
[PlyCount "112"]
[EventDate "2012.08.25"]
[EventType "swiss"]
[EventRounds "9"]
[EventCountry "RUS"]
[SourceTitle "CBM 150 Extra"]
[Source "ChessBase"]
[SourceDate "2012.10.19"]
[SourceVersion "1"]
[SourceVersionDate "2012.10.19"]
[SourceQuality "1"]

1. e4 c5 2. Nf3 e6 3. d4 cxd4 4. Nxd4 Nc6 5. Nb5 d6 6. Bf4 e5 7. Be3 Nf6 8. f3 a6 9. N5a3 d5 10. exd5 Nxd5 11. Bf2 Be7 12. Bc4 Be6 13. 0-0 0-0 14. Bb3 Na5 15. Nd2 Nxb3 16. axb3 Qc7 17. c3 Rfd8 18. Qc2 Bg5 19. Rfe1 Nb4 20. Qe4 Bxd2 21. Qxb4 a5 22. Qb5 Rd5 23. Qc4 Qxc4 24. bxc4 Bxe1 25. cxd5 Bxf2+ 26. Kxf2 Bxd5 27. Nb5 Bc6 28. Nc7 Ra7 29. Rd1 Kf8 30. Nd5 Ra8 31. Nb6 Ra6 32. Nc4 f6 33. Rd8+ Ke7 34. Rc8 b5 35. Ne3 Bd7 36. Rc7 Kd6 37. Rb7 Ra8 38. Nd5 Bc6 39. Rxg7 Bxd5 40. Rxh7 a4 41. Rh6 Ke7 42. Rh7+ Ke6 43. Rc7 Kd6 44. Rg7 a3 45. bxa3 Rxa3 46. h4 Rxc3 47. h5 Rc8 48. Ra7 b4 49. Ra6+ Ke7 50. Rb6 b3 51. h6 Kf7 52. Ke3 Kg6 53. f4 exf4+ 54. Kxf4 Rc7 55. h7 Rxh7 56. g4 Rb7 0-1

[Event "St Petersburg White Nights op"]
[Site "St Petersburg"]
[Date "2012.06.06"]
[Round "5"]
[White "Egorov, Daniil"]
[Black "Kosenko, Yuriy"]
[Result "1-0"]
[WhiteElo "1838"]
[BlackElo "1758"]
[PlyCount "41"]
[EventDate "2012.06.02"]
[EventType "swiss"]
[EventRounds "9"]
[EventCountry "RUS"]
[SourceTitle "CBM 148 Extra"]
[Source "ChessBase"]
[SourceDate "2012.06.22"]
[SourceVersion "1"]
[SourceVersionDate "2012.06.22"]
[SourceQuality "1"]

1. e4 e5 2. Nf3 Nf6 3. d4 exd4 4. e5 Nd5 5. Qxd4 Ne7 6. Bc4 Nbc6 7. Qf4 d5 8. exd6 cxd6 9. Qxf7+ Kd7 10. Nc3 Kc7 11. Bf4 Kb8 12. 0-0-0 Nf5 13. Ne4 Na5 14. Qd5 Nxc4 15. Qxc4 a6 16. g4 b5 17. Qc3 Bb7 18. Qd3 Bxe4 19. Qxe4 Nh6 20. Nd4 Kc7 21. Ne6+ 1-0

[Event "St Petersburg Autumn op"]
[Site "St Petersburg"]
[Date "2011.11.05"]
[Round "9"]
[White "Safronov, Kirill"]
[Black "Egorov, Daniil"]
[Result "1-0"]
[WhiteElo "1932"]
[BlackElo "1826"]
[PlyCount "95"]
[EventDate "2011.10.28"]
[EventType "swiss"]
[EventRounds "9"]
[EventCountry "RUS"]
[SourceTitle "EXT 2013"]
[Source "ChessBase"]
[SourceDate "2012.11.22"]
[SourceVersion "1"]
[SourceVersionDate "2012.11.22"]
[SourceQuality "1"]

1. d4 Nf6 2. c4 g6 3. Nc3 Bg7 4. e4 d6 5. Nf3 0-0 6. Be2 e5 7. 0-0 exd4 8. Nxd4 Re8 9. f3 Nc6 10. Be3 Nh5 11. Nxc6 bxc6 12. Qd2 f5 13. Rad1 Nf6 14. Bg5 Be6 15. Qf4 Qb8 16. Rd2 Qb6+ 17. Kh1 Nh5 18. Qe3 Qxe3 19. Bxe3 Nf6 20. Bf2 Bh6 21. Rdd1 fxe4 22. fxe4 Ng4 23. h3 Nxf2+ 24. Rxf2 Rab8 25. b3 Rf8 26. Bf3 Rf7 27. Ne2 Rbf8 28. Rd3 Bg7 29. Kg1 g5 30. Nd4 Bxd4 31. Rxd4 Bxh3 32. gxh3 Rxf3 33. Rxf3 Rxf3 34. Kg2 Rf4 35. c5 d5 36. Ra4 dxe4 37. Rxa7 e3 38. Rxc7 Kf8 39. Rxc6 Ke7 40. Rc7+ Kd8 41. Rc6 Kd7 42. Rd6+ Ke7 43. Rd3 Re4 44. Kf1 e2+ 45. Ke1 Re6 46. Rd2 Rc6 47. b4 Kf6 48. Rd6+ 1-0

[Event "St Petersburg Autumn op"]
[Site "St Petersburg"]
[Date "2011.10.28"]
[Round "1"]
[White "Asaturian, Stepan"]
[Black "Egorov, Daniil"]
[Result "1-0"]
[WhiteElo "2048"]
[BlackElo "1826"]
[PlyCount "57"]
[EventDate "2011.10.28"]
[EventType "swiss"]
[EventRounds "9"]
[EventCountry "RUS"]
[SourceTitle "EXT 2013"]
[Source "ChessBase"]
[SourceDate "2012.11.22"]
[SourceVersion "1"]
[SourceVersionDate "2012.11.22"]
[SourceQuality "1"]

1. e4 c5 2. Nf3 d6 3. d4 cxd4 4. Nxd4 Nf6 5. Nc3 Nc6 6. Be3 e5 7. Nb3 Be6 8. h3 Be7 9. Qf3 0-0 10. 0-0-0 Na5 11. g4 Nxb3+ 12. axb3 Qa5 13. Kb1 Rac8 14. g5 Nd7 15. h4 Nb8 16. Bh3 Bxh3 17. Qxh3 Nc6 18. Nd5 Rfe8 19. Qg4 Kh8 20. h5 Nb4 21. Nxb4 Qxb4 22. g6 f5 23. Qxf5 h6 24. Bxh6 Bf6 25. Bxg7+ Bxg7 26. h6 Rf8 27. hxg7+ Kxg7 28. Rh7+ Kg8 29. Qe6+ 1-0